The bungalow book /floor plans and photos 112 houses -1910 (Record no. 9470)

000 -LEADER
fixed length control field 00379nam a2200145 4500
003 - CONTROL NUMBER IDENTIFIER
control field OSt
005 - DATE AND TIME OF LATEST TRANSACTION
control field 20210624140803.0
008 - FIXED-LENGTH DATA ELEMENTS--GENERAL INFORMATION
fixed length control field 210624b ||||| |||| 00| 0 eng d
020 ## - INTERNATIONAL STANDARD BOOK NUMBER
International Standard Book Number 9780486451046
082 ## - DEWEY DECIMAL CLASSIFICATION NUMBER
Classification number 728.3730223
100 ## - MAIN ENTRY--PERSONAL NAME
Dates associated with a name Henry L wilson
245 ## - TITLE STATEMENT
Title The bungalow book /floor plans and photos 112 houses -1910
260 ## - PUBLICATION, DISTRIBUTION, ETC. (IMPRINT)
Place of publication, distribution, etc New York
Name of publisher, distributor, etc Dover publishing
942 ## - ADDED ENTRY ELEMENTS (KOHA)
Source of classification or shelving scheme
Holdings
Withdrawn status Lost status Source of classification or shelving scheme Damaged status Koha normalized classification for sorting Not for loan Permanent location Current location Date acquired Full call number Barcode Date last seen Price effective from Koha item type
        728_373022300000000   BMS College of Architecture, Design and Planning BMS College of Architecture, Design and Planning 2021-06-24 728.3730223 AR-UG2289 2021-06-24 2021-06-24 UG Books
Copyright © 2025, The Librarian, Library and Information Centre, BMSCA D&P, Bengaluru. All Rights Reserved
web counter

Powered by Koha